[Event "Madrid Tajamar Easter op-B"]
[Site "Madrid"]
[Date "2018.03.23"]
[Round "2"]
[White "Campomanes Rodriguez, Javier"]
[Black "Ghavami, Mahmoud"]
[Result "1-0"]
[WhiteElo "1721"]
[BlackElo "1524"]
[PlyCount "63"]
[EventDate "2018.03.22"]
[EventType "swiss"]
[EventRounds "7"]
[EventCountry "ESP"]
[SourceTitle "EXT 2019"]
[Source "ChessBase"]
[SourceDate "2018.10.10"]
[SourceVersion "1"]
[SourceVersionDate "2018.10.10"]
[SourceQuality "1"]

1. Nf3 d5 2. c4 c6 3. d4 Bg4 4. Nc3 e6 5. e3 Nf6 6. Qb3 Qb6 7. Ne5 Bf5 8. f3 h5 9. Bd3 Bxd3 10. Nxd3 Nbd7 11. c5 Qc7 12. e4 b5 13. Bf4 Qb7 14. exd5 exd5 15. 0-0 h4 16. Rfe1+ Kd8 17. a4 a6 18. axb5 axb5 19. Ra3 Rxa3 20. Qxa3 Nh5 21. Qa5+ Nb6 22. Qxb6+ Qxb6 23. cxb6 Nxf4 24. Nxf4 Bd6 25. Nd3 Kc8 26. Nc5 g5 27. Ra1 Rd8 28. Ra8+ Bb8 29. Na2 Re8 30. Kf2 Re7 31. Nb4 Re8 32. Nba6 1-0

[Event "Madrid Tajamar Easter op-B"]
[Site "Madrid"]
[Date "2018.03.22"]
[Round "1"]
[White "Amati, Franco"]
[Black "Campomanes Rodriguez, Javier"]
[Result "0-1"]
[WhiteElo "1452"]
[BlackElo "1721"]
[PlyCount "98"]
[EventDate "2018.03.22"]
[EventType "swiss"]
[EventRounds "7"]
[EventCountry "ESP"]
[SourceTitle "EXT 2019"]
[Source "ChessBase"]
[SourceDate "2018.10.10"]
[SourceVersion "1"]
[SourceVersionDate "2018.10.10"]
[SourceQuality "1"]

1. d4 Nf6 2. c4 e6 3. a3 d5 4. e3 Be7 5. Nc3 c6 6. Nf3 Nbd7 7. b4 0-0 8. Bd3 Re8 9. 0-0 Nf8 10. Bb2 Ng6 11. c5 Bf8 12. Ne2 Ne4 13. Ng3 f5 14. Qc2 Bd7 15. h3 Ng5 16. Ne5 Nxe5 17. dxe5 g6 18. f4 Ne4 19. Nxe4 fxe4 20. Be2 Qh4 21. Kh2 Bh6 22. g3 Qe7 23. Rg1 Rf8 24. Raf1 Rf7 25. Bd1 Raf8 26. Qg2 g5 27. Bh5 Rg7 28. Bc1 Be8 29. Bg4 Bg6 30. Be2 Bf5 31. Bh5 Kh8 32. g4 Bg6 33. Bxg6 Rxg6 34. Kh1 gxf4 35. exf4 Qh4 36. Qh2 d4 37. f5 exf5 38. Bxh6 Qxh6 39. Rxf5 Rxf5 40. gxf5 Rxg1+ 41. Kxg1 Qc1+ 42. Kf2 Qe3+ 43. Kf1 Qc1+ 44. Kf2 e3+ 45. Kf3 Qf1+ 46. Kg4 e2 47. e6 e1Q 48. Qb8+ Kg7 49. Qc7+ Kh6 0-1

[Event "San Sebastian de los Reyes op 16th"]
[Site "San Sebastian"]
[Date "2014.12.03"]
[Round "4"]
[White "Campomanes Rodriguez, Javier"]
[Black "Martin Rodriguez, Jose Luis"]
[Result "1-0"]
[WhiteElo "1726"]
[BlackElo "1411"]
[PlyCount "73"]
[EventDate "2014.11.30"]
[EventType "swiss"]
[EventRounds "9"]
[EventCountry "ESP"]
[SourceTitle "CBM 163 Extra"]
[Source "ChessBase"]
[SourceDate "2014.12.23"]
[SourceVersion "1"]
[SourceVersionDate "2014.12.23"]
[SourceQuality "1"]

1. c4 e5 2. Nc3 Nf6 3. d3 d5 4. cxd5 Nxd5 5. g3 Bb4 6. Bd2 Nxc3 7. bxc3 Bd6 8. Bg2 c6 9. e4 0-0 10. Nf3 h6 11. 0-0 Be6 12. Be3 Bg4 13. Qb3 Qe7 14. Rab1 b5 15. d4 Bd7 16. dxe5 Bxe5 17. Nxe5 Qxe5 18. f4 Qe7 19. f5 Kh7 20. Bd4 f6 21. Rbe1 Qd8 22. Bc5 Re8 23. Qf7 Na6 24. Qg6+ Kh8 25. Be3 Qe7 26. Rf4 Rf8 27. Rh4 Be8 28. Qg4 Nc5 29. Bxh6 Kg8 30. Be3 Nd3 31. Rf1 Ne5 32. Qh3 Bd7 33. Rh8+ Kf7 34. Qh5+ g6 35. Rh7+ Kg8 36. fxg6 Bg4 37. Rh8+ 1-0

[Event "San Sebastian de los Reyes op 16th"]
[Site "San Sebastian"]
[Date "2014.12.01"]
[Round "2"]
[White "Campomanes Rodriguez, Javier"]
[Black "Mehalingam, Karunanithi"]
[Result "1-0"]
[WhiteElo "1726"]
[BlackElo "1443"]
[PlyCount "69"]
[EventDate "2014.11.30"]
[EventType "swiss"]
[EventRounds "9"]
[EventCountry "ESP"]
[SourceTitle "CBM 163 Extra"]
[Source "ChessBase"]
[SourceDate "2014.12.23"]
[SourceVersion "1"]
[SourceVersionDate "2014.12.23"]
[SourceQuality "1"]

1. c4 Nf6 2. d4 d5 3. Nc3 e6 4. Nf3 Bb4 5. Bg5 0-0 6. Qc2 Nbd7 7. e3 Re8 8. Ne5 c5 9. Nxd7 Bxd7 10. dxc5 Bxc3+ 11. Qxc3 Ne4 12. Bxd8 Nxc3 13. Bh4 Na4 14. b4 dxc4 15. Bxc4 Rac8 16. 0-0 b6 17. Ba6 Rb8 18. Rfd1 Bc6 19. Rd6 bxc5 20. Rxc6 cxb4 21. Rd1 Nc3 22. Rd2 h6 23. g4 g5 24. Bg3 Rb6 25. Rxb6 axb6 26. Bc4 b5 27. Bb3 e5 28. Kg2 Ne4 29. Rd7 Rf8 30. Bxe5 Nc5 31. Rd5 Nxb3 32. axb3 Ra8 33. Rxb5 Re8 34. Rb8 Rxb8 35. Bxb8 1-0

[Event "Madrid San Viator op 22nd"]
[Site "Madrid"]
[Date "2014.05.25"]
[Round "8"]
[White "Rosa Ramirez, Victor Diego"]
[Black "Campomanes Rodriguez, Javier"]
[Result "1-0"]
[WhiteElo "1989"]
[BlackElo "1713"]
[PlyCount "73"]
[EventDate "2014.03.23"]
[EventType "swiss"]
[EventRounds "9"]
[EventCountry "ESP"]
[SourceTitle "EXT 2015"]
[Source "ChessBase"]
[SourceDate "2014.11.20"]
[SourceVersion "1"]
[SourceVersionDate "2014.11.20"]
[SourceQuality "1"]

1. e4 c5 2. c3 e6 3. d4 cxd4 4. cxd4 Bb4+ 5. Nc3 Nf6 6. Bd3 h6 7. Nge2 Nc6 8. 0-0 0-0 9. h3 d6 10. Be3 a6 11. Rc1 Ne7 12. Bb1 b5 13. Qd2 Ng6 14. a3 Ba5 15. f4 Bb7 16. Qd3 Bb6 17. Kh2 Rc8 18. e5 Nd5 19. Bd2 b4 20. Nxd5 Rxc1 21. Rxc1 Bxd5 22. Bxb4 f5 23. Bxd6 Rf7 24. Qxa6 Rb7 25. g3 Kh7 26. Nc3 Bxd4 27. Nxd5 Rxb2+ 28. Kh1 exd5 29. Bxf5 Rb6 30. Qd3 Kh8 31. Rc8 Qxc8 32. Bxc8 Ba1 33. Qxg6 Rb3 34. Qe8+ Kh7 35. Bf5+ g6 36. Qxg6+ Kh8 37. Qh7# 1-0

[Event "Galapagar op 10th"]
[Site "Galapagar"]
[Date "2009.07.20"]
[Round "3"]
[White "Campomanes Rodriguez, Javier"]
[Black "Beltran de Heredia Y Alonso, Miguel Angel"]
[Result "0-1"]
[WhiteElo "1708"]
[BlackElo "1931"]
[PlyCount "114"]
[EventDate "2009.07.18"]
[EventType "swiss"]
[EventRounds "9"]
[EventCountry "ESP"]
[SourceTitle "EXT 2010"]
[Source "ChessBase"]
[SourceDate "2010.11.25"]
[SourceVersion "1"]
[SourceVersionDate "2010.11.25"]
[SourceQuality "1"]

1. d4 Nf6 2. c4 g6 3. Nf3 Bg7 4. Nc3 0-0 5. g3 d6 6. Bg2 Nbd7 7. 0-0 c5 8. d5 Ng4 9. e4 Nge5 10. Nxe5 Nxe5 11. Qe2 a6 12. h3 Rb8 13. f4 Nd7 14. a4 Qb6 15. Rf3 Bd4+ 16. Kh2 Qb4 17. Bf1 Qb6 18. Qc2 h5 19. Ne2 Bg7 20. Rb3 Qd8 21. a5 Nf6 22. Bd2 Re8 23. Nc3 e6 24. Bd3 Qd7 25. Bf1 exd5 26. exd5 Qf5 27. Qxf5 Bxf5 28. Re1 Rxe1 29. Bxe1 Bc2 30. Rb6 Bf8 31. Bf2 Nd7 32. Na2 Nxb6 33. axb6 a5 34. Be1 Bg7 35. Nc3 Bxc3 36. Bxc3 a4 37. Kg1 Re8 38. Kf2 Re4 39. Be2 f5 40. h4 Bb3 41. Bd3 Re8 42. Bf6 Kf7 43. Bc3 Ra8 44. Ke3 Ra6 45. Kd2 Rxb6 46. Ba5 Ra6 47. Bc3 a3 48. bxa3 Ra4 49. Kc1 Bxc4 50. Bxc4 Rxc4 51. Kb2 Re4 52. Bd2 Rd4 53. Kc3 Rxd5 54. Be3 b5 55. Bf2 Rd1 56. Kc2 Rf1 57. Be3 Rf3 0-1